McGraw-Hill : (Record no. 9827)

MARC details
000 -LEADER
fixed length control field 00673nam a22002057a 4500
003 - CONTROL NUMBER IDENTIFIER
control field OSt
005 - DATE AND TIME OF LATEST TRANSACTION
control field 20260424022540.0
008 - FIXED-LENGTH DATA ELEMENTS--GENERAL INFORMATION
fixed length control field 260424b |||||||| |||| 00| 0 eng d
020 ## - INTERNATIONAL STANDARD BOOK NUMBER
International Standard Book Number 978-971-07-3149-7
040 ## - CATALOGING SOURCE
Original cataloging agency DWCL Main Lib.
Transcribing agency OC
082 ## - DEWEY DECIMAL CLASSIFICATION NUMBER
Classification number Fil. 510 Ou93 2013
100 ## - MAIN ENTRY--PERSONAL NAME
Personal name Ogena, Ester
Relator term Author
245 ## - TITLE STATEMENT
Title McGraw-Hill :
Remainder of title our math : grade 8 /
Statement of responsibility, etc. Ester Ogena [and three others]
250 ## - EDITION STATEMENT
Edition statement K to 12 edition.
260 ## - PUBLICATION, DISTRIBUTION, ETC.
Place of publication, distribution, etc. Pasig City, Philippines :
Name of publisher, distributor, etc. McGraw-Hill Education and Vibal Publishing,
Date of publication, distribution, etc. c2013.
300 ## - PHYSICAL DESCRIPTION
Extent xvi, 588 pages :
Other physical details colored illustrations ;
Dimensions 27 cm.
504 ## - BIBLIOGRAPHY, ETC. NOTE
Bibliography, etc. note Includes index.
650 ## - SUBJECT ADDED ENTRY--TOPICAL TERM
Topical term or geographic name entry element 1. Mathematics.
942 ## - ADDED ENTRY ELEMENTS (KOHA)
Source of classification or shelving scheme Dewey Decimal Classification
Koha item type Book-Filipiniana
Suppress in OPAC No
952 ## - LOCATION AND ITEM INFORMATION (KOHA)
--
Holdings
Withdrawn status Lost status Source of classification or shelving scheme Damaged status Not for loan Home library Current library Shelving location Date acquired Source of acquisition Total Checkouts Full call number Barcode Date last seen Copy number Price effective from Koha item type Uniform Resource Identifier
    Dewey Decimal Classification     Junior High School Library Junior High School Library Filipiniana 07/01/2016 Evaluation copy   Fil. 510 Ou93 2013 JHS - 18040 04/24/2026 c1 04/24/2026 BK - FIL